书目信息 |
| 题名: |
装饰花卉色彩的创意表现
|
|
| 作者: | 周嘉勋, 著 | |
| 分册: | ||
| 出版信息: | 上海 上海书店出版社 2005.05 |
|
| 页数: | 89页, [3] 页图版 | |
| 开本: | 23cm | |
| 丛书名: | 图案四大变化教学书系 | |
| 单 册: | ||
| 中图分类: | J525 | |
| 科图分类: | ||
| 主题词: | 花卉--装饰美术--色彩学--hua hui | |
| 电子资源: | ||
| ISBN: | 7-80678-375-X | |
| 000 | 00894nam 2200241 450 | |
| 001 | 0637111576 | |
| 005 | 20060927155924.68 | |
| 010 | @a7-80678-375-X@dCNY32.50 | |
| 099 | @aCAL 012005105069 | |
| 100 | @a20050713d2005 em y0chiy0121 ea | |
| 101 | 0 | @achi |
| 102 | @aCN@b310000 | |
| 200 | 1 | @a装饰花卉色彩的创意表现@f周嘉勋著@Azhuang shi hua hui se cai de chuang yi biao xian |
| 210 | @a上海@c上海书店出版社@d2005.05 | |
| 215 | @a89页, [3] 页图版@c彩图@d23cm | |
| 225 | 2 | @a图案四大变化教学书系@Atu an si da bian hua jiao xue shu xi |
| 330 | @a本书针对花卉装饰色彩的搭配问题;装饰色调的组织及色彩的统一与变化等问题进行了阐释,并在装饰色彩的创意、技法应用等方面做了大胆的尝试。 | |
| 410 | 0 | @12001 @a图案四大变化教学书系 |
| 606 | 0 | @a花卉@x装饰美术@x色彩学@Ahua hui |
| 690 | @aJ525@v4 | |
| 701 | 0 | @a周嘉勋,@f1958-@4著@Azhou jia xun |
| 801 | 0 | @aCN@c20060927 |
| 905 | @a10447@dJ525@eZ777 | |
| 装饰花卉色彩的创意表现/周嘉勋著.-上海:上海书店出版社,2005.05 |
| 89页, [3] 页图版:彩图;23cm.-(图案四大变化教学书系) |
| ISBN 7-80678-375-X:CNY32.50 |
| 本书针对花卉装饰色彩的搭配问题;装饰色调的组织及色彩的统一与变化等问题进行了阐释,并在装饰色彩的创意、技法应用等方面做了大胆的尝试。 |
| ● |
| 相关链接 |
|
|
|
正题名:装饰花卉色彩的创意表现
索取号:J525/Z777
 
预约/预借
| 序号 | 登录号 | 条形码 | 馆藏地/架位号 | 状态 | 备注 |
| 1 | 221364 | 202213648 | 社科库309/309社科库 88排2列3层/ [索取号:J525/Z777] | 在馆 | |
| 2 | 221365 | 202213657 | 自科二线404/309社科库 90排4列4层/ [索取号:J525/Z777] | 在馆 | |
| 3 | 221366 | 202213666 | 自科二线404/309社科库 90排4列4层/ [索取号:J525/Z777] | 在馆 | |
| 4 | 604565 | 206045652 | 社科库309/ [索取号:J525/Z777] | 在馆 | |
| 5 | 604566 | 206045661 | 自科二线404/309社科库 90排4列4层/ [索取号:J525/Z777] | 在馆 | |
| 6 | 604567 | 206045670 | 社科库309/309社科库 88排2列3层/ [索取号:J525/Z777] | 在馆 |